Sigismund und der Deutsche Orden
| Titel: | Sigismund und der Deutsche Orden |
|---|---|
| Verfasser: | |
| In: |
Das Zeitalter König Sigmunds in Ungarn und im Deutschen Reich, (2000), Seite 73-82 alle Artikel anzeigen |
| Veröffentlicht: | 2000 |
| Format: | Aufsatz |
| Sprache: | Deutsch |
X
alg: 39174509 001A $01999:11-11-16 001B $01999:29-03-21 $t21:46:29.000 001D $01999:11-11-16 001U $0utf8 001X $00 002@ $0Aox 003@ $0391745093 007A $0391745093 $aHEB 007T $0Herd37031 010@ $ager 011@ $a2000 021A $aSigismund und der Deutsche Orden 028A $aPósán $dLászló 031A $h73-82 $j2000 039B $aIn $8--Aau--. Das @Zeitalter König Sigmunds in Ungarn und im Deutschen Reich. - Debrecen : Debrecen Univ. Press, 2000. - 218 S.. - ISBN 963-472-451-5 $x200000000000000927 $9100729169 045F $a900.94390902 $eDDC23BSB 045F/01 $a900 045F/03 $f0902 045F/03 $g439 045F/03 $g438 045F/03 $g4382 045F/03 $g43832 lok: 39174509 78 exp: 39174509 78 1 #EPN 201B/01 $005-07-18 $t23:20:34.000 201U/01 $0utf8 203@/01 $0787839906 208@/01 $a11-11-16 $be 209A/01 $a/ $f000 $x00 220C/01 $aTitelaufnehmer: ek 244Z/01 $2Trx $#Ungari $#Vengrija $#Ungārija $#Ungarn $#Hungary $#Węgry $#Maďarsko $#Maďarsko $#Uhorsko $#Uhersko;Uhry $8--Trx--Magyarország $x01 $9391197150 244Z/01 $2Trx $#Prusy Wschodnie i Zachodnie $8--Trx--Ost- und Westpreußen $x02 $939113373X 244Z/01 $2Trx $#Poola $#Lenkija $#Polija $#Polen Land $#Poland $#Lengyelország $#Poľsko $#Polsko $8--Trx--Polska$gkraj $x03 $9391345966 244Z/01 $aGeschichte 1390-1420 $x04 244Z/01 $#Sigmund$#Siegmund $#Sigismundus $#Sigismundus $#Sigismundus $#Sigismundus Imperator Romae $#Sigmund $#Sigismund $#Sigismund $#Sigismund $#Sigismond $#Zygmunt Luksemburski $#Zikmund Lucemburský $#Zsigmond $#Sigismund $#Siegmund $#Žigmund Luxemburský $#Sigismundus $#Luxemburg, Sigismund von $#Luxemburg, Siegmund von $#Luxemburg, Zikmund von $#Luxemburg, Zsigmond von $#Luksemburški, Žigmund $#Sigismund $#Sigmund $#Sigmund $#Sigismund $#Siegmund $#Sigismundus $7118614185 $8--Tp1--$PSigismund$lHeiliges Römisches Reich, Kaiser$Z1368-1437 $x05 $9086955136 244Z/01 $2Trx $#ordud Saksa Ordu $#ordinas kryžiuočių $#order Teutonic Knights $#rendek Német Lovagrend $#zakony, krzyżacy $#rád, nemeckí rytieri $#řád, němečtí rytíři $#Deutscher Orden $#Ritterorden $#zakon krzyżacki $#zakon niemiecki $#nemeckí rytieri $8--Trx--Orden$gDeutscher Orden $x06 $9391363204 244Z/01 $2Trx $#suhted, Impeerium-Orduriik $#santykiai, Kryžiuočių ordino valstybės ir Vokietijos Reicho $#relations, Teutonic Knights-Holy Roman Empire $#kapcsolatok, Német Lovagrend-Római Birodalom $#stosunki państwa zakonu krzyżackiego z Rzeszą Niemiecką $#vzťahy Rádu nemeckých rytierov - Nemecká ríša $#vztahy, stát řádu něm. rytířů - Německá říše $8--Trx--Beziehungen Ordensstaat-Reich $x07 $9391379674 244Z/01 $2Trx $#sõda, saksa ordu Poola vastu 1308- 1521 $#Kryžiuočių ordino-Lenkijos karai 1308-1521 $#wars of the Teutonic Knights against Poland 1308-1521 $#Német Lovagrend Lengyelország elleni háborúi 1308-1521 $#wojny polsko-krzyżackie 1308-1521 $#vojny rádu nemeckých rytierov proti Poľsku 1308-1521 $#války řádu německých rytířů proti Polsku 1308-1521 $8--Trx--Kriege des Deutschen Ordens gegen Polen$g1308-1521 $x08 $9391383760 244Z/01 $2Trx $8--Trx--Einzelbeiträge $x09 $9391384570 245Z/01 $a06.02 $x01 247C/01 $82080>Marburg/Lahn, Herder-Institut, Forschungsbibliothek, Bibliographieportal $9336309341
| LEADER | 00000caa a22000002c 4500 | ||
|---|---|---|---|
| 001 | 391745093 | ||
| 003 | DE-603 | ||
| 005 | 20210329214629.0 | ||
| 007 | tu | ||
| 008 | 161111s2000 xx |||| | u00||u|ger c | ||
| 035 | |a (DE-599)HEB391745093 | ||
| 040 | |a DE-603 |b ger |c DE-603 |d DE-603 | ||
| 041 | |a ger | ||
| 082 | 0 | 4 | |8 1\u |a 900.94390902 |q DE-101 |2 23/BSB |
| 085 | |8 1\u |b 900 | ||
| 085 | |8 1\u |z 1 |s 0902 | ||
| 085 | |8 1\u |z 2 |s 439 | ||
| 085 | |8 1\u |z 2 |s 438 | ||
| 085 | |8 1\u |z 2 |s 4382 | ||
| 085 | |8 1\u |z 2 |s 43832 | ||
| 100 | 1 | |a Pósán, László | |
| 245 | 0 | 0 | |a Sigismund und der Deutsche Orden |
| 264 | 0 | |c 2000 | |
| 773 | 0 | 8 | |i In |t Das Zeitalter König Sigmunds in Ungarn und im Deutschen Reich |d Debrecen : Debrecen Univ. Press, 2000 |h 218 S. |z 9634724515 |g (2000), Seite 73-82 |w (DE-603)100729169 |
| 924 | 0 | |9 2080 |a (DE-603)787839906 |b DE-2080 |c HES |d d |g / | |


